| 000 | 00813nam a2200181Ia 4500 | ||
|---|---|---|---|
| 003 | GCL | ||
| 008 | 140319s9999 xx 000 0 ara d | ||
| 040 |
_aGCL / _cGCL |
||
| 082 | 0 | 4 |
_aق _b370.962 _bا ت |
| 100 | 1 | _aامين سامى | |
| 245 | 1 | 0 |
_aالتعليم فى مصر : فى سنتى 1914 و 1915 : _bوبيان تفصيلى لنشر التعليم الاولى والابتدائى بانحاء الديار المصرية / _cامين سامى |
| 260 |
_aالقاهرة : _bمطبعة المعارف ، _c1917 |
||
| 300 |
_aمتعدد الترقيم ؛ _c29 سم |
||
| 650 | 0 | 4 | _aالتعليم الابتدائى |
| 650 | 0 | 4 | _aمصر - تاريخ - العصر الحديث - عصر محمد على ( 1805- 1849 م ) |
| 650 | 0 | 4 | _aالتعليم - مصر - العصر القديم |
| 942 |
_2ddc _cBK |
||
| 999 |
_c59090 _d59090 |
||